000 nam a22 a 4500
999 _c130048
_d130048
003 BLK
005 20201013140154.0
008 180409b bul|||||r ||||||| ||bul||
010 _aKNG00135797000
040 _aBLK
041 _aBUL
_cBUL
072 7 _2bullib
_aЦ
_xРедки и ценни
080 _aОрганизация на културно-просветна работа в отделните страни. Народни читалища. Художествена самодейност
_b374.28
_x(497.21-22)
_z374.28(497.21-22)
110 1 _aЧиталище Трезвеност. Сухиндол
_9322000
139 _aЧиталище Трезвеност. Сухиндол
_bЧ 86
245 1 0 _aЮбилеен сборник на сухиндолското читалище Трезвеност
_b1870 - 1895
257 _aBGR
260 _c1896
_fс. Мусина : печ. Селянин
_aс. Мусина
300 _a232 с.
_bс табл.
_c23 см
380 _a3
490 _9435080
_aКолекция Редки и ценни издания
500 _aИзд. Читалище Трезвеност - Сухиндол по случай отпразнуването 25-та му годишнина.
650 4 _aЧиталища - България - история
_9249269
650 4 _aЧиталища - Сухиндол - история
_9322001
651 4 _aБългария
_9241624
651 4 _aСухиндол
_9179624
653 _aчиталища
653 _aчиталище "Трезвеност"
653 _aюбилейни сборници
659 _aЦ
852 _aРб 896
_bРц
856 4 _qpdf
856 4 _qpdf
942 _cKNG
_n0
_s1
944 _aCR
_c02.11.2012
_lф / 02.11.2012
_kЛюдмила_Стоянова
944 _aED
_c22.11.2013
_lф / 02.11.2012
999 _d130048